000 00444nam a2200181Ia 4500
005 20240823060102.0
008 240823s9999||||xx |||||||||||||| ||und||
041 _aENGLISH
082 _A658.2 N2
100 _aChellappan B K
245 0 _aIntroduction to Industrial management
250 _a5th
260 _c1992
_b"Kamala,Madras"
500 _aTRANSFERED
650 _aManagement
_bManagement Studies
942 _cBK
999 _c230299
_d230299